| 000 | 01485cam a22003255a 4500 | ||
|---|---|---|---|
| 001 | 016319195 | ||
| 003 | OSt | ||
| 005 | 20151028120309.0 | ||
| 008 | 140227t2014 enka frbd 001 0 eng d | ||
| 020 | _a9780273787068 (paperback) | ||
| 020 | _a0273787063 (paperback) | ||
| 040 |
_aIiNdDKA _beng _cIiNdDKA _dEG-ScBUE |
||
| 082 | 0 | 4 |
_a658.049 _222 _bCAV |
| 100 | 1 |
_aCavusgil, S. Tamer. _938593 |
|
| 245 | 1 | 0 |
_aInternational business : _bthe new realities / _cS. Tamer Cavusgil, Gary Knight, John R. Riesenberger. |
| 250 | _a3rd ed., Global ed. | ||
| 260 |
_aHarlow : _bPearson Education Limited, _cc.2014. |
||
| 300 |
_a619 p. : _bill. (col.) ; _c28 cm. |
||
| 500 | _a"Authorised adaptation from the United States edition, entitled International business, the new realities, 3rd edition, ISBN 978-0-13-299126-1 by S. Tamer Cavusgil, Gary Knight and John R. Riesenberger, published by Pearson Education © 2014"--Title page verso. | ||
| 500 | _aIncludes indexes. | ||
| 500 | _aGlossary : p. 573-578. | ||
| 504 | _aBibliography : p. 579-600. | ||
| 505 | 0 | _aFoundation concepts -- The environment of international business -- Strategy and opportunity assessment -- Entering and operating in international markets -- Functional area excellence. | |
| 650 | 7 |
_aInternational business enterprises _xManagement. _2BUEsh _94507 |
|
| 651 | _2BUEsh | ||
| 653 |
_bBUSADM _cJanuary2015 _cOctober2015 |
||
| 700 | 1 | _aKnight, Gary A. | |
| 700 | 1 |
_aRiesenberger, John R., _d1948- |
|
| 942 | _2ddc | ||
| 999 |
_c20009 _d19981 |
||